|
|
|
|
| LEADER |
01780nam a2200409 a 4500 |
| 001 |
00026563 |
| 008 |
130225s2009 dcuar i1 0eng d |
| 020 |
|
|
|a 9780821371237
|
| 020 |
|
|
|a 9780821371244
|
| 022 |
|
|
|y 1020-4407
|
| 040 |
|
|
|a MCM
|b eng
|c MCM
|d TNJ
|d MH
|d InU
|d DLC
|d InU
|d WaU
|d MCM
|d TULIB
|d OCoLC
|d BD-DhAAL
|
| 082 |
0 |
0 |
|a 338.9
|2 22
|
| 111 |
2 |
|
|a Annual World Bank Conference on Development Economics--Regional 2008
|
| 245 |
1 |
0 |
|a Higher education and development /
|c Edited by Justin Yifu Lin and Boris Pleskovic
|
| 246 |
1 |
3 |
|a ABCDE
|
| 260 |
|
|
|a Washington, D.C. :
|b World Bank,
|c c2009
|
| 300 |
|
|
|a vi, 285 p. :
|b ill. ;
|c 25 cm.
|
| 310 |
|
|
|a Annual
|
| 362 |
0 |
|
|a 2008-
|
| 490 |
1 |
|
|a Annual World Bank Conference on Development Economics
|
| 500 |
|
|
|a Each issue has also a distinctive title.
|
| 500 |
|
|
|a Title from title page.
|
| 504 |
|
|
|a Includes bibliographical references.
|
| 541 |
1 |
|
|e 00026563
|
| 650 |
|
0 |
|a Development economics
|v Congresses.
|
| 650 |
|
0 |
|a Developing countries
|x Economic conditions
|v Congresses.
|
| 650 |
|
4 |
|a Economic development
|x Congresses.
|
| 650 |
|
4 |
|a Economic assistance
|x Congresses.
|
| 651 |
|
0 |
|a Developing countries
|x Economic conditions
|v Congresses.
|
| 651 |
|
4 |
|a Developing countries
|x Economic conditions
|x Congresses.
|
| 700 |
1 |
|
|a Yifu Lin, Justin.
|
| 700 |
1 |
|
|a Pleskovic, Boris.
|
| 710 |
2 |
|
|a World Bank.
|
| 780 |
0 |
0 |
|a World Bank Conference on Development Economics--Europe.
|t Annual World Bank Conference on Development Economics--Europe
|x 1813-9477
|w (DLC) 2005242087
|w (OCoLC)55208630
|
| 852 |
1 |
|
|a Ayesha Abed Library
|j General Shelf.
|
| 999 |
|
|
|c 13206
|d 13206
|
| 952 |
|
|
|0 0
|1 0
|2 ddc
|4 0
|6 338_900000000000000_HIG
|7 0
|9 21983
|a IGS
|b IGS
|c GEN
|d 2013-02-26
|e MIDAS
|g 1194.00
|l 0
|o 338.9 HIG
|p 3010026563
|r 2013-02-26
|t 1
|w 2013-02-26
|y BK
|